logo

Bir Sreshtho Munshi Abdur Rouf Library
Jhenaidah Cadet College

Linking health care and social services : (Record no. 7964)

MARC details
000 -LEADER
fixed length control field 01171cam a2200349 a 4500
001 - CONTROL NUMBER
JCCL Control Number 7964
003 - CONTROL NUMBER IDENTIFIER
JCCL marc code BD-JhCC
005 - DATE AND TIME OF LATEST TRANSACTION
control field 20181001175344.0
008 - FIXED-LENGTH DATA ELEMENTS--GENERAL INFORMATION
fixed length control field 830328s1982 caua b 000 0 eng
020 ## - INTERNATIONAL STANDARD BOOK NUMBER
International Standard Book Number 0803918194
020 ## - INTERNATIONAL STANDARD BOOK NUMBER
International Standard Book Number 0803918208 (pbk.)
035 ## - SYSTEM CONTROL NUMBER
system control number (BD-JhCC)7964
040 ## - CATALOGING SOURCE
Original cataloging agency DLC
Transcribing agency DLC
Modifying agency DLC
-- OCoLC
-- DLC
041 ## - LANGUAGE CODE
Language code of Book eng
050 00 - LIBRARY OF CONGRESS CALL NUMBER
Classification number HV40
Item number .L54 1982
060 ## - NATIONAL LIBRARY OF MEDICINE CALL NUMBER
Classification number W1 SO1322 v. 5
-- W 84.1 C756
082 00 - DEWEY DECIMAL CLASSIFICATION NUMBER
Classification number 362.1
DDC Edition number 19
Author mark and Year LIN 1982
245 00 - TITLE STATEMENT
Title Linking health care and social services :
Remainder of title international perspectives /
Statement of responsibility, etc editors, Merl C. Hokenstad, Jr. and Roger A. Ritvo ; foreword by Patricia Roberts Harris.
260 ## - PUBLICATION, DISTRIBUTION, ETC. (IMPRINT)
Place of publication, distribution, etc Beverly Hills :
Name of publisher, distributor, etc Sage Publications,
Date of publication, distribution, etc c1982.
300 ## - PHYSICAL DESCRIPTION
Pagination 304 p. :
Other physical details ill. ;
Dimensions 23 cm.
440 #0 -
Title Social service delivery systems ;
Volume number/sequential designation v. 5
504 ## - BIBLIOGRAPHY, ETC. NOTE
Bibliography, etc Includes bibliographies.
650 #0 - SUBJECT ADDED ENTRY--TOPICAL TERM
Topical term or geographic name as entry element Social service.
650 #0 - SUBJECT ADDED ENTRY--TOPICAL TERM
Topical term or geographic name as entry element Public health.
650 #2 - SUBJECT ADDED ENTRY--TOPICAL TERM
Topical term or geographic name as entry element Delivery of health care.
650 #2 - SUBJECT ADDED ENTRY--TOPICAL TERM
Topical term or geographic name as entry element Social work.
700 1# - ADDED ENTRY--PERSONAL NAME
Personal name Hokenstad, Merl C.
700 1# - ADDED ENTRY--PERSONAL NAME
Personal name Ritvo, Roger A.,
Dates associated with a name 1944-
856 42 - ELECTRONIC LOCATION AND ACCESS
Materials specified Publisher description
Uniform Resource Identifier http://www.loc.gov/catdir/enhancements/fy0660/82000705-d.html
942 ## - ADDED ENTRY ELEMENTS (KOHA)
Source of classification or shelving scheme Dewey Decimal Classification
Koha item type Books
Holdings
Source of classification or shelving scheme Damaged status Not for loan Home library Current library Shelving location Date of accession Total Checkouts Full call number Barcode Date last seen Copy number Koha item type
Dewey Decimal Classification     JCC Rouf Library JCC Rouf Library General Stacks 02/17/2018   362.1 LIN 1982 10462 02/17/2018 C - 1 Books

JCC Library | Contacts | JCC Home

Last Update on 23 September 2017
Copyright @ 2017-2020 JCC Rouf Library
Rouf Library, Jhenidah Cadet College (JCC), Bangladesh